Audit office to investigate affordable rent scheme (Record no. 83707)
[ view plain ]
| 000 -LEADER | |
|---|---|
| fixed length control field | 01221cad a22002055a 4500 |
| 001 - CONTROL NUMBER | |
| control field | L154694 |
| 008 - FIXED-LENGTH DATA ELEMENTS--GENERAL INFORMATION | |
| fixed length control field | 120113e20120112xxk 000 0 eng d |
| 035 ## - SYSTEM CONTROL NUMBER | |
| System control number | (Sirsi) u154694 |
| 041 0# - LANGUAGE CODE | |
| Language code of text/sound track or separate title | eng |
| 100 1# - MAIN ENTRY--PERSONAL NAME | |
| Personal name | Hollander, Gavriel |
| 245 00 - TITLE STATEMENT | |
| Title | Audit office to investigate affordable rent scheme |
| Medium | [electronic resource] |
| 260 ## - PUBLICATION, DISTRIBUTION, ETC. | |
| -- | 012 |
| 490 ## - SERIES STATEMENT | |
| Series statement | Inside Housing |
| Volume/sequential designation | 12 January 2012 |
| 520 ## - SUMMARY, ETC. | |
| Summary, etc. | National Audit Office looks at the role of the Department for Communities and Local Government, Tenant Services Authority and Homes and Communities Agency in relation to the financial viability of social housing providers participating in the Affordable Homes Programme. The examination will determine whether the Homes and Communities Agency and Tenant Services Authority are effectively addressing risks to the financial viability of the social housing sector, while optimising taxpayer interests. Report is due to be published Spring 2012. |
| 590 ## - LOCAL NOTE (RLIN) | |
| Local note | KA |
| 651 #4 - SUBJECT ADDED ENTRY--GEOGRAPHIC NAME | |
| Geographic name | England |
| Chronological subdivision | 886- |
| 690 ## - LOCAL SUBJECT ADDED ENTRY--TOPICAL TERM (OCLC, RLIN) | |
| Topical term or geographic name as entry element | Affordable housing |
| 9 (RLIN) | 6215 |
| 856 40 - ELECTRONIC LOCATION AND ACCESS | |
| Uniform Resource Identifier | <a href="https://www.insidehousing.co.uk/finance/audit-office-to-investigate-affordable-rent-scheme/6519914.article">https://www.insidehousing.co.uk/finance/audit-office-to-investigate-affordable-rent-scheme/6519914.article</a> |
| Public note | View this item free of charge at www.insidehousing.co.uk |
| 942 ## - ADDED ENTRY ELEMENTS (KOHA) | |
| Suppress in OPAC | 0 |
| Withdrawn status | Lost status | Source of classification or shelving scheme | Damaged status | Not for loan | Home library | Current library | Shelving location | Date acquired | Total Checkouts | Full call number | Barcode | Date last seen | Copy number | Price effective from | Koha item type |
|---|---|---|---|---|---|---|---|---|---|---|---|---|---|---|---|
| Dewey Decimal Classification | Virtual | Virtual | Online | 13/01/2012 | ONLINE PUBLICATION | 154694-2001 | 06/08/2019 | 1 | 06/08/2019 | Journal article |